Research Methodology / (Record no. 1173)
[ view plain ]
| 000 -LEADER | |
|---|---|
| Fixed length control field | 00441nam a2200169 4500 |
| 003 - CONTROL NUMBER IDENTIFIER | |
| Control field | SEACOMMC |
| 005 - DATE AND TIME OF LATEST TRANSACTION | |
| Control field | 20250512110333.0 |
| 008 - FIXED-LENGTH DATA ELEMENTS--GENERAL INFORMATION | |
| Fixed length control field | 250403b |||||||| |||| 00| 0 eng d |
| 020 ## - INTERNATIONAL STANDARD BOOK NUMBER / ISBN | |
| International Standard Book Number | 978-81-8281-282-6 |
| Price | Rs.250.00 |
| 040 ## - CATALOGING SOURCE | |
| Original cataloging agency | SEACOMMC |
| 082 ## - DEWEY DECIMAL CLASSIFICATION NUMBER | |
| Classification number | 001.42 |
| Book Number | M 984 |
| 100 ## - MAIN ENTRY--PERSONAL NAME | |
| Personal name | Murthy, C. |
| 245 1# - TITLE STATEMENT | |
| Title | Research Methodology / |
| Statement of responsibility | C. Murthy |
| 260 ## - IMPRINT | |
| Place of publication | Delhi |
| Name of publisher | Vrinda Publications |
| Date of publication | 2009 |
| 650 ## - SUBJECT ADDED ENTRY--TOPICAL TERM | |
| Topical term | Research Method |
| 942 ## - ADDED ENTRY ELEMENTS (KOHA) | |
| Koha item type | Books |
| Withdrawn status | Lost status | Source of classification | Damaged status | Not for loan | Home library | Current library | Shelving location | Date acquired | Total Checkouts | Call number | Accession number | Date last seen | Price effective from | Koha item type | Copy number |
|---|---|---|---|---|---|---|---|---|---|---|---|---|---|---|---|
| Dewey Decimal Classification | SEACOM MANAGEMENT COLLEGE | SEACOM MANAGEMENT COLLEGE | Reference | 06/03/2010 | 001.42 M 984 | M-2819 | 03/04/2025 | 03/04/2025 | Reference Books | ||||||
| Dewey Decimal Classification | SEACOM MANAGEMENT COLLEGE | SEACOM MANAGEMENT COLLEGE | 06/03/2010 | 001.42 M 984 | M-2820 | 03/04/2025 | 03/04/2025 | Books | 1 | ||||||
| Dewey Decimal Classification | SEACOM MANAGEMENT COLLEGE | SEACOM MANAGEMENT COLLEGE | 06/03/2010 | 001.42 M 984 | M-2821 | 03/04/2025 | 03/04/2025 | Books | 2 | ||||||
| Dewey Decimal Classification | SEACOM MANAGEMENT COLLEGE | SEACOM MANAGEMENT COLLEGE | 06/03/2010 | 001.42 M 984 | M-2822 | 03/04/2025 | 03/04/2025 | Books | 3 |
